Muž cesty : Galerie moderního umění v Roudnici nad Labem, květen - červen 2001 : [katalog výstavy /

Hlavní autor: Šarše, Michal, 1956-
Korporativní autor: Galerie moderního umění (Roudnice nad Labem, Česko)
Další autoři: Neumann, Ivan, 1945-2025
Jazyk: Čeština
Vydáno: V Roudnici nad Labem : Galerie moderního umění, 2001
Témata:
Fyzický popis: [11] s. : barev. il. ; 21 cm
Knihy
Uloženo v:
LEADER 01539nam a2200409 a 4500
001 000652959
003 CZ BrMZK
005 20030320085545.0
007 ta
008 030210s2001 xr f cze d
015 |a cnb001028984 
020 |a 80-85053-39-X  |q (brož.) 
035 |a (OCoLC)50342120 
040 |a ABA001  |b cze  |c BOA001 
043 |a e-xr--- 
045 |a x9y0 
080 |a 730.071.1  |2 MRF 
080 |a (083.824)  |2 MRF 
080 |a 730(437.3)  |2 MRF 
080 |a 730.036/.038  |2 MRF 
100 1 |a Šarše, Michal,  |d 1956-  |7 jn20000728692  |4 art 
245 1 0 |a Muž cesty :  |b Galerie moderního umění v Roudnici nad Labem, květen - červen 2001 : [katalog výstavy /  |c text Ivan Neumann] 
246 3 |a Muž cesty Michal Šarše 
246 1 3 |a Michal Šarše :  |b sochy, reliéfy 
260 |a V Roudnici nad Labem :  |b Galerie moderního umění,  |c 2001 
300 |a [11] s. :  |b barev. il. ;  |c 21 cm 
500 |a Životopisná data 
600 1 7 |a Šarše, Michal,  |d 1956-  |7 jn20000728692  |2 czenas 
650 0 7 |a sochaři  |7 ph125736  |z Česko  |2 czenas 
650 0 7 |a české sochařství  |7 ph128152  |y 20. stol.  |2 czenas 
650 0 7 |a moderní sochařství  |7 ph122941  |z Česko  |2 czenas 
655 7 |a katalogy výstav  |7 fd132536  |2 czenas 
700 1 |a Neumann, Ivan,  |d 1945-2025  |7 jo2002105845  |4 wfw 
710 2 |a Galerie moderního umění (Roudnice nad Labem, Česko)  |7 kn20010709267 
910 |a BOA001  |b 2-1114.079 
990 |a BK 
996 6 |b 2610181791  |c 2-1114.079  |l MZK  |r Sklad / do 1 hodiny  |n 0  |p p.v.  |w 000652959  |u 000010  |a 1  |e BOA001  |j MZK50  |s P